000 00992nmc a2200337 a 4500
003 AR-BaBNM
005 20251128205502.0
008 011101s1993 ||||||||||||||000 | spa||
020 _a950-808-013-2
040 _cAR-BaBNM
100 1 _aPauluzzi, Liliana
245 1 0 _a¿Qué preguntan los chicos sobre sexo?
_beducación sexual para padres y docentes
260 _aRosario
_bHomo Sapiens Ediciones
_c1993
300 0 _a173 p.
_btablas, diagr., il.
490 0 _aEducación
504 _aBibliografía: p. 171-172
650 4 _aEDUCACION SEXUAL
650 4 _aPUBERTAD
650 4 _aADOLESCENCIA
650 4 _aTALLERES [METODO PEDAGOGICO]
650 4 _aEMBARAZO
650 4 _aENFERMEDADES DE TRANSMISION SEXUAL
650 4 _aREPRODUCCION BIOLOGICA
650 4 _aNACIMIENTO
653 _aTEMAS TRANSVERSALES
653 _aORIENTACION EDUCATIVA
653 _aEDUCACION PRIMARIA
700 1 _aAvendaño, Fernando Carlos
_eprologuista
942 _cBK
998 _cSILVI
999 _c11585
_d11585